[Event "Scottish International Open"]
[Site "Edinburgh, Scotland"]
[Date "2015.07.16"]
[Round "6"]
[White "Connolly Sams, Lukah"]
[Black "Brown, Allan D"]
[Result "0-1"]
[WhiteElo "1345"]
[BlackElo "1798"]
[PlyCount "134"]
[EventDate "2015.??.??"]
[Source "ChessScotland"]
[SourceDate "2015.07.19"]

1. d4 Nf6 2. Nf3 d5 3. Nc3 e6 4. Bf4 c6 5. e3 Bb4 6. a3 Bxc3+ 7. bxc3 Qa5 8.
Ra2 Ne4 9. Bd3 Qxc3+ 10. Nd2 Qa5 11. f3 Nc3 12. Qa1 Nxa2 13. Qxa2 b6 14. Bxb8
Rxb8 15. Kd1 Ba6 16. Nb3 Qa4 17. Bxa6 Qxa6 18. Qb2 O-O 19. h4 Qb7 20. g4 f5 21.
g5 f4 22. e4 dxe4 23. h5 Qd7 24. h6 g6 25. fxe4 Rbe8 26. Kc1 Qe7 27. d5 e5 28.
Rg1 cxd5 29. exd5 Rf5 30. Nd2 Rxg5 31. Rxg5 Qxg5 32. Qb5 Rd8 33. Qc6 Qe7 34. a4
Qd7 35. Qf6 Re8 36. Ne4 Qf7 37. Qd6 Rf8 38. Qxe5 f3 39. d6 f2 40. Nxf2 Qf4+ 41.
Qxf4 Rxf4 42. d7 Rf8 43. Ng4 Kf7 44. Ne5+ Ke6 45. Nc6 Kxd7 46. Nxa7 Ra8 47. Nb5
Rxa4 48. Nc3 Rh4 49. Nd5 Ke6 50. Nxb6 Rxh6 51. c4 Kd6 52. Na4 Rh4 53. Nb2 Kc5
54. Nd3+ Kxc4 55. Ne5+ Kc3 56. Kd1 Rd4+ 57. Ke2 Re4+ 58. Kf3 Rxe5 59. Kf4 Rf5+
60. Kg4 Kd3 61. Kh4 Ke3 62. Kg4 h5+ 63. Kh4 Kf3 64. Kh3 Rf4 65. Kh2 Kf2 66. Kh3
Rd4 67. Kh2 Rh4# 0-1

[Event "Scottish International Open"]
[Site "Edinburgh, Scotland"]
[Date "2015.07.16"]
[Round "6"]
[White "Pannwitz, Kai"]
[Black "D'Costa, Leston"]
[Result "0-1"]
[WhiteElo "1797"]
[BlackElo "1515"]
[PlyCount "100"]
[EventDate "2015.??.??"]
[Source "ChessScotland"]
[SourceDate "2015.07.19"]

1. d4 d5 2. c4 c6 3. Nf3 e6 4. Qc2 f5 5. g3 Nf6 6. Bg2 Bd6 7. Bf4 O-O 8. Bxd6
Qxd6 9. O-O Nbd7 10. Rd1 Ne4 11. Nbd2 b6 12. Rab1 a5 13. e3 a4 14. b3 a3 15. b4
Ba6 16. c5 Qc7 17. Ne1 Ndf6 18. h3 g5 19. Nd3 h5 20. Nf3 g4 21. Nfe5 gxh3 22.
Bxh3 Ng4 23. Bxg4 fxg4 24. Nf4 Bb5 25. Qc1 Rf6 26. Kg2 Raf8 27. Rh1 Rf5 28.
cxb6 Qb7 29. Rb3 Be2 30. Rxa3 Bf3+ 31. Nxf3 gxf3+ 32. Kxf3 Qxb6 33. Rb3 Qc7 34.
b5 c5 35. dxc5 e5 36. b6 Qc6 37. Ke2 exf4 38. gxf4 Nxc5 39. b7 Qa6+ 40. Kf3
Nxb3 41. Rg1+ Kh7 42. Qc7+ R5f7 43. Qxf7+ Rxf7 44. b8=Q Nd2+ 45. Kg2 Rg7+ 46.
Kh1 Rxg1+ 47. Kxg1 Qf1+ 48. Kh2 Nf3+ 49. Kg3 Qg1+ 50. Kxf3 Qg4# 0-1

[Event "Scottish International Open"]
[Site "Edinburgh, Scotland"]
[Date "2015.07.16"]
[Round "6"]
[White "Heron, Donald"]
[Black "Berera, Siddharth"]
[Result "1-0"]
[WhiteElo "1714"]
[BlackElo "1457"]
[PlyCount "121"]
[EventDate "2015.??.??"]
[Source "ChessScotland"]
[SourceDate "2015.07.19"]

1. c4 c5 2. g3 g6 3. Bg2 Bg7 4. Nc3 e6 5. a3 Ne7 6. Nf3 Nbc6 7. O-O O-O 8. d3
b6 9. Rb1 Bb7 10. Bd2 Nf5 11. b4 d6 12. Ne1 Qd7 13. e3 Nce7 14. Bxb7 Qxb7 15.
Qf3 Qxf3 16. Nxf3 cxb4 17. axb4 Rfc8 18. e4 Nh6 19. Rfe1 Ng4 20. Nb5 Rd8 21.
Bg5 Kf8 22. d4 a6 23. Na3 h6 24. Bc1 Nc6 25. h3 Nf6 26. b5 Na5 27. Bd2 Nb7 28.
bxa6 Rxa6 29. Bb4 Kg8 30. Nb5 Ne8 31. Ra1 Rda8 32. Rxa6 Rxa6 33. e5 dxe5 34.
Nxe5 Bxe5 35. dxe5 Nc5 36. Rd1 Kf8 37. Nd6 Ke7 38. Ne4 Nc7 39. Nxc5 bxc5 40.
Bxc5+ Ke8 41. Bd6 Rc6 42. c5 Nb5 43. Rb1 Nxd6 44. cxd6 Rc8 45. Rb7 Kf8 46. Kg2
Re8 47. h4 h5 48. Kf3 f6 49. Kf4 Kg8 50. Re7 fxe5+ 51. Kxe5 Rf8 52. f4 Rf5+ 53.
Kxe6 Ra5 54. Kf6 Ra6 55. Re8+ Kh7 56. Ke7 Ra7+ 57. d7 Kg7 58. Rc8 Kh7 59. Ke8
Ra1 60. d8=Q Re1+ 61. Kf7 1-0

[Event "Scottish International Open"]
[Site "Edinburgh, Scotland"]
[Date "2015.07.16"]
[Round "6"]
[White "Nisbet, Charles"]
[Black "Forbes, Alistair"]
[Result "1/2-1/2"]
[WhiteElo "1636"]
[BlackElo "1418"]
[PlyCount "104"]
[EventDate "2015.??.??"]
[Source "ChessScotland"]
[SourceDate "2015.07.19"]

1. e4 c5 2. b3 e6 3. Nf3 Nc6 4. Bb2 d5 5. exd5 exd5 6. Bb5 Qe7+ 7. Be2 Nf6 8.
O-O Qc7 9. Re1 Be7 10. d4 O-O 11. dxc5 Bxc5 12. Bxf6 gxf6 13. Nc3 Be6 14. Qd2
Qa5 15. a3 Bxa3 16. Nd4 a6 17. Qe3 Qc5 18. Nxe6 Qxe3 19. fxe3 fxe6 20. Rxa3 Nb4
21. Bd3 Rac8 22. Ne2 e5 23. Ra4 Nxc2 24. Bxc2 Rxc2 25. Ra5 Rd8 26. Kf1 d4 27.
exd4 exd4 28. Nf4 d3 29. Rd5 Rxd5 30. Nxd5 Kf7 31. Rd1 d2 32. Ke2 Ke6 33. Ne3
Rb2 34. Rxd2 Rxb3 35. Nc4 Rc3 36. Na5 b6 37. Nb7 a5 38. Kd1 a4 39. Rb2 a3 40.
Rxb6+ Kd7 41. Ra6 Kc7 42. Na5 a2 43. Nc4 Rxc4 44. Rxa2 Rb4 45. h3 Kd6 46. Re2
f5 47. Ke1 Re4 48. Rxe4 fxe4 49. Ke2 Ke5 50. Ke3 h5 51. g4 hxg4 52. hxg4 Kf6
1/2-1/2

[Event "Scottish International Open"]
[Site "Edinburgh, Scotland"]
[Date "2015.07.16"]
[Round "6"]
[White "Gray, Euan"]
[Black "Hope, Iain"]
[Result "1-0"]
[WhiteElo "1629"]
[BlackElo "1349"]
[PlyCount "121"]
[EventDate "2015.??.??"]
[Source "ChessScotland"]
[SourceDate "2015.07.19"]

1. d4 Nf6 2. c4 e6 3. Nc3 Bb4 4. e3 b6 5. Bd3 Bb7 6. Nf3 Ne4 7. O-O Bxc3 8.
bxc3 O-O 9. Ba3 d6 10. Qc2 f5 11. Rab1 c5 12. Nd2 Nxd2 13. Qxd2 Nd7 14. Rbe1 e5
15. Bc2 e4 16. Ba4 Nf6 17. Rd1 Rc8 18. Qe2 Qc7 19. Rc1 Rfd8 20. Bb5 Rf8 21. Qc2
g6 22. Rfd1 Rfd8 23. Bb2 Qf7 24. Qe2 Ne8 25. Ba4 Nc7 26. Ba3 Ne6 27. Bb3 Rc7
28. Bb2 Rcd7 29. a4 Rc7 30. a5 Nf8 31. Ra1 Bc6 32. axb6 axb6 33. Ra6 Rb8 34.
Rda1 Bd7 35. Qd1 Qe8 36. R1a2 Kf7 37. Ba1 Ke7 38. Qb1 Kf7 39. Qb2 Qe7 40. h3
Bc6 41. Qa3 Nd7 42. Bb2 Nf6 43. Bc1 Qd7 44. d5 Bb7 45. Rxb6 Rcc8 46. Ba4 Qd8
47. Rab2 Ba8 48. Qb3 Rxb6 49. Qxb6 Qxb6 50. Rxb6 Ke7 51. Bb5 Nd7 52. Ra6 Bb7
53. Ra7 Rb8 54. Kf1 Bc8 55. Ke2 Rb7 56. Ra5 Ne5 57. Ra8 Rc7 58. Bd2 Nd7 59. f4
Nb6 60. Ra5 Nd7 61. Be1 1-0

[Event "Scottish International Open"]
[Site "Edinburgh, Scotland"]
[Date "2015.07.16"]
[Round "6"]
[White "Brown, Gerry"]
[Black "Van Rossum, Pia"]
[Result "0-1"]
[WhiteElo "1468"]
[BlackElo "1594"]
[PlyCount "109"]
[EventDate "2015.??.??"]
[Source "ChessScotland"]
[SourceDate "2015.07.19"]

1. Nf3 d6 2. d4 g6 3. g3 Bg7 4. Bg2 Nf6 5. O-O O-O 6. c4 c6 7. Nc3 Bf5 8. Re1
Na6 9. e4 Be6 10. b3 Qa5 11. Bd2 Qh5 12. Ng5 Bg4 13. Bf3 Nc7 14. Bxg4 Nxg4 15.
h3 Nf6 16. Qxh5 Nxh5 17. Nf3 Ne6 18. e5 dxe5 19. dxe5 Rad8 20. Rad1 Rd3 21. Re3
Rfd8 22. Rxd3 Rxd3 23. Kg2 Bh8 24. Be1 Rxd1 25. Nxd1 Nhg7 26. Bb4 c5 27. Bc3
Nf5 28. Ne3 Nfd4 29. Nd5 Kf8 30. Bb2 Ke8 31. h4 Kd7 32. Bc3 Nc6 33. Bb2 Ned4
34. Nxd4 cxd4 35. f4 e6 36. Nf6+ Bxf6 37. exf6 e5 38. Kf3 exf4 39. Kxf4 Ke6 40.
g4 Kxf6 41. g5+ Ke6 42. Ke4 f6 43. gxf6 Kxf6 44. Bc1 h5 45. a3 Na5 46. Bg5+ Ke6
47. b4 Nxc4 48. Kxd4 Nxa3 49. Kc5 Nc2 50. Bf4 Kf5 51. Bg5 Kg4 52. b5 Ne1 53.
Kd6 Nf3 54. Bd8 Nd4 55. Kc5 0-1

[Event "Scottish International Open"]
[Site "Edinburgh, Scotland"]
[Date "2015.07.16"]
[Round "6"]
[White "Begg, David"]
[Black "Doris, Peter"]
[Result "1-0"]
[WhiteElo "1706"]
[BlackElo "1256"]
[PlyCount "65"]
[EventDate "2015.??.??"]
[Source "ChessScotland"]
[SourceDate "2015.07.19"]

1. d4 e6 2. Nf3 d5 3. e3 Nf6 4. Bd3 c5 5. b3 Nc6 6. Bb2 Ne4 7. O-O f5 8. Nbd2
Bd7 9. dxc5 Nxc5 10. Ne5 Nxe5 11. Bxe5 Nxd3 12. cxd3 Qg5 13. f4 Qg6 14. Rf3 Rg8
15. Rc1 Bc6 16. Rg3 Qf7 17. Nf3 Be7 18. Qd2 Rc8 19. b4 Kd7 20. Bxg7 Bd6 21. Qb2
Bb5 22. Rxc8 Kxc8 23. Qd4 b6 24. Rg5 Bxd3 25. Be5 Rxg5 26. Bxd6 Rxg2+ 27. Kxg2
Be4 28. Kf2 Qh5 29. Qc3+ Kb7 30. Qc7+ Ka6 31. Qc8+ Kb5 32. Nd4+ Ka4 33. Qa6#
1-0

[Event "Scottish International Open"]
[Site "Edinburgh, Scotland"]
[Date "2015.07.16"]
[Round "6"]
[White "McKinney, Stuart"]
[Black "Veelenturf, Wim"]
[Result "1/2-1/2"]
[WhiteElo "1364"]
[BlackElo "1697"]
[PlyCount "120"]
[EventDate "2015.??.??"]
[Source "ChessScotland"]
[SourceDate "2015.07.19"]

1. e4 c6 2. d4 d5 3. exd5 cxd5 4. Bd3 Nf6 5. h3 Nc6 6. c3 e6 7. Nf3 Bd6 8. O-O
O-O 9. Bg5 e5 10. dxe5 Bxe5 11. Qc2 h6 12. Bxf6 Bxf6 13. a3 Be6 14. Nbd2 Rc8
15. Bf5 Qb6 16. Bxe6 fxe6 17. Qb3 Qc7 18. Rfe1 Rce8 19. Re2 Re7 20. Rae1 Rfe8
21. Qa2 Kh8 22. Nf1 Qd6 23. Ng3 g6 24. Qb1 Kg7 25. Rd1 Qf4 26. Qd3 Ne5 27. Nxe5
Bxe5 28. Qe3 Qxe3 29. Rxe3 Bxg3 30. Rxg3 Rc8 31. Re3 Kf6 32. Rd4 b5 33. Kf1 Rc4
34. Rf3+ Ke5 35. Re3+ Kd6 36. Red3 Rec7 37. Ke2 R7c5 38. Rxc4 bxc4 39. Rd1 Rb5
40. Rb1 e5 41. Kd2 d4 42. cxd4 exd4 43. Kc2 Re5 44. Kd2 Rb5 45. Kc2 Rb3 46. Re1
d3+ 47. Kc1 d2+ 48. Kxd2 Rxb2+ 49. Kc3 Rxf2 50. Kxc4 Rxg2 51. Rd1+ Kc6 52. Rd3
Re2 53. Rf3 Re6 54. Kd4 g5 55. Rf7 a6 56. Rf3 Kd6 57. Rb3 Rf6 58. Rb6+ Ke7 59.
Rb7+ Kd6 60. Rb6+ Ke7 1/2-1/2

[Event "Scottish International Open"]
[Site "Edinburgh, Scotland"]
[Date "2015.07.16"]
[Round "6"]
[White "MacRae, James S"]
[Black "Stuart, Joseph Maxwell"]
[Result "1-0"]
[WhiteElo "1689"]
[BlackElo "1210"]
[PlyCount "109"]
[EventDate "2015.??.??"]
[Source "ChessScotland"]
[SourceDate "2015.07.19"]

1. b3 e5 2. Bb2 Nc6 3. e3 f6 4. c4 Bb4 5. a3 Be7 6. Nc3 d6 7. Bd3 Be6 8. Nf3
Qd7 9. Nd5 f5 10. e4 f4 11. Be2 Nf6 12. d3 Rg8 13. Qc2 g5 14. O-O-O g4 15. Nd2
h5 16. Rdg1 O-O-O 17. Nb1 Rg7 18. Nbc3 a6 19. Na4 Kb8 20. b4 Bxd5 21. cxd5 Na7
22. d4 exd4 23. Bxd4 Nb5 24. Bb2 Rgg8 25. Rd1 Rc8 26. Kb1 Ka7 27. Nc3 c6 28.
Nxb5+ cxb5 29. Qd3 Rc4 30. Bd4+ Kb8 31. Rc1 Rgc8 32. Rxc4 bxc4 33. Qc2 c3 34.
f3 Ne8 35. Rc1 Bf6 36. Bxf6 Nxf6 37. Ka2 h4 38. Bf1 g3 39. h3 Ne8 40. Qd3 c2
41. Rxc2 Rxc2+ 42. Qxc2 Qc7 43. Qxc7+ Nxc7 44. Kb3 Kc8 45. Kc3 Kd7 46. Kd4 Ne8
47. e5 Ng7 48. Ke4 dxe5 49. Kxe5 Ne8 50. Kxf4 Kd6 51. Bc4 Nc7 52. Kg4 Nxd5 53.
Bxd5 Kxd5 54. Kxh4 Kc4 55. f4 1-0

[Event "Scottish International Open"]
[Site "Edinburgh, Scotland"]
[Date "2015.07.16"]
[Round "6"]
[White "Smith, Sarah"]
[Black "Armaan, Jal Gala"]
[Result "0-1"]
[WhiteElo "888"]
[BlackElo "1551"]
[PlyCount "68"]
[EventDate "2015.??.??"]
[Source "ChessScotland"]
[SourceDate "2015.07.19"]

1. f4 e6 2. Nf3 b6 3. e3 Bb7 4. Be2 Nf6 5. b3 Ne4 6. d3 Bb4+ 7. Bd2 Bxd2+ 8.
Nbxd2 Nc3 9. Qc1 Nxe2 10. Kxe2 d6 11. Rf1 Nd7 12. Kf2 h6 13. Qb2 Qf6 14. Qa3 g5
15. Qa4 g4 16. Nd4 Qh4+ 17. Ke2 Qxh2 18. Nb5 Qxg2+ 19. Rf2 Bf3+ 20. Ke1 Qg1+
21. Nf1 Kd8 22. Qc4 Nc5 23. b4 a6 24. Qd4 Kd7 25. Qf6 Rh7 26. Nd4 Na4 27. Nf5
Bh1 28. Qe7+ Kc6 29. Nd4+ Kb7 30. Nxe6 fxe6 31. Qxh7 g3 32. Rd2 g2 33. Rf2
gxf1=Q+ 34. Rxf1 Qxe3+ 0-1

[Event "Scottish International Open"]
[Site "Edinburgh, Scotland"]
[Date "2015.07.16"]
[Round "6"]
[White "Oxener, Aldo"]
[Black "Tramontano, Fulvio"]
[Result "1-0"]
[WhiteElo "1545"]
[BlackElo "1325"]
[PlyCount "57"]
[EventDate "2015.??.??"]
[Source "ChessScotland"]
[SourceDate "2015.07.19"]

1. e4 e5 2. Nf3 Nc6 3. d4 exd4 4. Bc4 h6 5. c3 dxc3 6. bxc3 d6 7. Qb3 Qe7 8.
O-O Na5 9. Qb5+ Nc6 10. Re1 a6 11. Qb3 Na5 12. Qa4+ b5 13. Bxf7+ Kxf7 14. Qxa5
Bg4 15. Nbd2 Qd8 16. h3 Bxf3 17. Nxf3 c6 18. Qa3 Kg6 19. Qb3 Qd7 20. e5 d5 21.
Qc2+ Kf7 22. e6+ Qxe6 23. Rxe6 Kxe6 24. Nd4+ Kd7 25. Qf5+ Kc7 26. Bf4+ Kb6 27.
Qd7 Ra7 28. Qxc6+ Ka5 29. a4 1-0

[Event "Scottish International Open"]
[Site "Edinburgh, Scotland"]
[Date "2015.07.16"]
[Round "6"]
[White "Smith, Rachel"]
[Black "Pearson, Walter"]
[Result "0-1"]
[WhiteElo "1316"]
[BlackElo "1623"]
[PlyCount "88"]
[EventDate "2015.??.??"]
[Source "ChessScotland"]
[SourceDate "2015.07.19"]

1. d4 d5 2. Bg5 Nd7 3. e3 h6 4. Bh4 Ngf6 5. Bd3 e6 6. f4 Be7 7. Nf3 Ne4 8. Bxe7
Qxe7 9. Nbd2 f5 10. Ne5 Qh4+ 11. g3 Qf6 12. Nxe4 fxe4 13. Be2 g6 14. Qd2 Rg8
15. O-O-O a5 16. Rdg1 c6 17. Kb1 Nxe5 18. dxe5 Qe7 19. Rc1 Qb4 20. Qxb4 axb4
21. Rhd1 Bd7 22. c4 Ke7 23. b3 g5 24. Kb2 gxf4 25. exf4 Ra5 26. Ra1 Rga8 27.
cxd5 exd5 28. Rd4 b5 29. g4 Ke6 30. h3 c5 31. Rdd1 d4 32. Rd2 d3 33. Bf1 c4 34.
Rg2 c3+ 35. Kc1 Ra3 36. Rh2 Rxb3 37. Rb1 Rba3 38. Rxb4 Rxa2 39. Rxa2 Rxa2 40.
Kb1 Rf2 41. Bxd3 exd3 42. Rd4 Rf1+ 43. Ka2 c2 44. Rxd3 c1=Q 0-1

[Event "Scottish International Open"]
[Site "Edinburgh, Scotland"]
[Date "2015.07.16"]
[Round "6"]
[White "McKay, Jonathan"]
[Black "McGillivray, Calum"]
[Result "0-1"]
[WhiteElo "1053"]
[BlackElo "1589"]
[PlyCount "88"]
[EventDate "2015.??.??"]
[Source "ChessScotland"]
[SourceDate "2015.07.19"]

1. d4 f5 2. Nf3 Nf6 3. Bf4 d5 4. e3 c6 5. Nbd2 e6 6. Bd3 Bd6 7. Bxd6 Qxd6 8. c4
O-O 9. c5 Qc7 10. O-O Ne4 11. h3 Nd7 12. Qc2 e5 13. dxe5 Nxe5 14. Nxe5 Qxe5 15.
f4 Qe7 16. b4 Bd7 17. Nf3 a5 18. a3 Ng3 19. Rfe1 axb4 20. a4 Ra5 21. Qf2 Ne4
22. Qe2 Nxc5 23. Bc2 Rfa8 24. Qd1 Ne4 25. Ne5 Nc3 26. Qh5 Ne4 27. Kh2 Be6 28.
Rab1 c5 29. g4 Nf6 30. Qg5 fxg4 31. hxg4 c4 32. Kg2 h6 33. Qh4 b3 34. Bg6 Kf8
35. Rf1 Nxg4 36. Qxe7+ Kxe7 37. Nxg4 Bxg4 38. Kg3 Be6 39. Kf3 Rxa4 40. Ke2 Ra2+
41. Kd1 Bg4+ 42. Kc1 Kf6 43. Bh7 g6 44. Bg8 Rc2# 0-1

[Event "Scottish International Open"]
[Site "Edinburgh, Scotland"]
[Date "2015.07.16"]
[Round "6"]
[White "Gillies, Craig"]
[Black "Hartman, James"]
[Result "1-0"]
[WhiteElo "1582"]
[BlackElo "1003"]
[PlyCount "93"]
[EventDate "2015.??.??"]
[Source "ChessScotland"]
[SourceDate "2015.07.19"]

1. d4 d5 2. c4 e6 3. Nf3 Nc6 4. Nc3 Nf6 5. Bg5 h6 6. Bxf6 Qxf6 7. cxd5 exd5 8.
Nxd5 Qd8 9. Nc3 Bb4 10. d5 Ne7 11. Qa4+ Qd7 12. Qxb4 Nxd5 13. Qe4+ Ne7 14. Nd5
Qxd5 15. Qxd5 Nxd5 16. O-O-O Be6 17. Nd4 Ke7 18. Nxe6 Kxe6 19. e3 Rhd8 20. Bc4
Rd6 21. e4 c6 22. exd5+ cxd5 23. Rhe1+ Kf6 24. Bxd5 Rc8+ 25. Kb1 Rcd8 26. Bf3
Rxd1+ 27. Rxd1 Rxd1+ 28. Bxd1 Ke5 29. Bf3 b6 30. Kc2 Kd6 31. Kd3 Kd7 32. Kd4
Kc7 33. Kd5 Kd7 34. Bg4+ Kc7 35. b4 g6 36. b5 h5 37. Bf3 Kd7 38. h4 f6 39. g3
g5 40. Bxh5 gxh4 41. gxh4 f5 42. a4 f4 43. f3 Kc7 44. Bg4 Kb7 45. h5 a6 46. h6
axb5 47. axb5 1-0

[Event "Scottish International Open"]
[Site "Edinburgh, Scotland"]
[Date "2015.07.16"]
[Round "6"]
[White "Smith, Mark J"]
[Black "Connolly Sams, Dietah"]
[Result "1-0"]
[WhiteElo "1440"]
[BlackElo "829"]
[PlyCount "85"]
[EventDate "2015.??.??"]
[Source "ChessScotland"]
[SourceDate "2015.07.19"]

1. e4 e6 2. d4 d5 3. Nc3 c5 4. Nf3 Nc6 5. e5 Bd7 6. dxc5 Bxc5 7. Bb5 Qb6 8. Qe2
a6 9. Bxc6 Bxc6 10. O-O Ne7 11. Rd1 O-O 12. a3 Nf5 13. b4 Bd4 14. Nxd4 Nxd4 15.
Qg4 g6 16. Rxd4 f5 17. exf6 Rxf6 18. Be3 e5 19. Rxd5 h5 20. Qg5 Qc7 21. Qxf6
Rf8 22. Qxg6+ Kh8 23. Qxh5+ Kg8 24. Rxe5 Rf7 25. Rg5+ Rg7 26. Rxg7+ Qxg7 27.
Qg5 Qxg5 28. Bxg5 b5 29. Rd1 Bxg2 30. Kxg2 Kh7 31. f4 Kg7 32. Rd6 Kh8 33. Rxa6
Kg8 34. Nxb5 Kh7 35. c4 Kg7 36. c5 Kh7 37. c6 Kg6 38. c7+ Kh5 39. Ra8 Kg4 40.
c8=Q+ Kh5 41. Bf6 Kh6 42. Qg8 Kh5 43. Qg5# 1-0

[Event "Scottish International Open"]
[Site "Edinburgh, Scotland"]
[Date "2015.07.17"]
[Round "7"]
[White "Korneev, Oleg"]
[Black "McNab, Colin Anderson"]
[Result "1-0"]
[WhiteElo "2567"]
[BlackElo "2443"]
[PlyCount "73"]
[EventDate "2015.??.??"]
[WhiteClock "0:04:26"]
[BlackClock "0:02:50"]

1. d4 g6 2. e4 Bg7 3. Nf3 d6 4. c3 Nf6 5. Bd3 O-O 6. O-O Nc6 7. h3 e5 8. Re1 h6
9. Na3 Nh5 10. Nc2 a5 11. a4 Bd7 12. Bf1 Qe8 13. Na3 Kh7 14. Nb5 Qc8 15. dxe5
dxe5 16. Be3 Be6 17. Qc2 Rd8 18. Rad1 b6 19. Nd2 Qb7 20. b3 Rd7 21. Bc4 Nf4 22.
g3 Nxh3+ 23. Kg2 Bxc4 24. Nxc4 Rxd1 25. Qxd1 Rd8 26. Qf3 Qc8 27. Rh1 g5 28.
Rxh3 g4 29. Rxh6+ Bxh6 30. Qxf7+ Bg7 31. Nxc7 Rf8 32. Qh5+ Kg8 33. Nd5 Qe6 34.
Bxb6 Rb8 35. Nce3 Ne7 36. Bxa5 Nxd5 37. exd5 1-0

[Event "Scottish International Open"]
[Site "Edinburgh, Scotland"]
[Date "2015.07.17"]
[Round "7"]
[White "MacQueen, Calum"]
[Black "Van den Doel, Erik"]
[Result "0-1"]
[WhiteElo "2232"]
[BlackElo "2564"]
[PlyCount "68"]
[EventDate "2015.??.??"]
[WhiteClock "0:20:38"]
[BlackClock "0:15:40"]

1. d4 d5 2. c4 dxc4 3. Nf3 e6 4. e3 Nf6 5. Bxc4 a6 6. a4 c5 7. O-O Nc6 8. Qe2
cxd4 9. Rd1 Be7 10. exd4 O-O 11. Nc3 Nd5 12. Qe4 Nf6 13. Qe2 Nd5 14. Qe4 Ncb4
15. Ne5 Kh8 16. Bxd5 Nxd5 17. Rd3 Kg8 18. Rg3 f5 19. Qe2 Bf6 20. Rh3 Bxe5 21.
Qxe5 f4 22. Qh5 h6 23. Nxd5 exd5 24. Rf3 Rf5 25. Qg6 Rg5 26. Qd3 Bf5 27. Qb3
Be4 28. Bxf4 Rf5 29. Bg3 Bxf3 30. gxf3 Qd7 31. Kf1 Raf8 32. Ke2 Rxf3 33. Qxf3
Rxf3 34. Kxf3 Qf5+ 0-1

[Event "Scottish International Open"]
[Site "Edinburgh, Scotland"]
[Date "2015.07.17"]
[Round "7"]
[White "Rooze, Jan"]
[Black "Petesch, Gabriel N"]
[Result "1/2-1/2"]
[WhiteElo "2335"]
[BlackElo "2263"]
[PlyCount "103"]
[EventDate "2015.??.??"]
[WhiteClock "0:11:53"]
[BlackClock "0:14:40"]

1. e4 e5 2. Nf3 d6 3. d4 exd4 4. Nxd4 g6 5. Nc3 Bg7 6. Be3 Nc6 7. Qd2 Nf6 8. f3
Nxd4 9. Bxd4 a6 10. O-O-O Be6 11. g4 Qe7 12. Nd5 Bxd5 13. exd5 O-O 14. h4 Rae8
15. h5 Nd7 16. Bxg7 Kxg7 17. Kb1 Qe3 18. Qh2 g5 19. h6+ Kh8 20. Bd3 Qxf3 21.
Qd2 Re5 22. Bf5 Nf6 23. Qxg5 Ne8 24. Rhf1 Qh3 25. Qf4 Qh4 26. a3 Qe7 27. g5 c6
28. dxc6 bxc6 29. Rg1 Rg8 30. Rdf1 Nc7 31. Bd3 Rf8 32. Bxh7 Ne6 33. Qh4 Nxg5
34. Bd3 a5 35. Rf5 f6 36. Rxe5 dxe5 37. Bf5 Nf3 38. Qg3 Nxg1 39. Qxg1 Rg8 40.
Qb6 Qf7 41. h7 Re8 42. Qxc6 Qe7 43. Bg6 Rd8 44. Bd3 Rd4 45. Qc8+ Qd8 46. Qf5
Rd7 47. b3 Qe7 48. Be4 Rd8 49. Kb2 Re8 50. c3 Qd6 51. Qg6 Rf8 52. Qf5 1/2-1/2

[Event "Scottish International Open"]
[Site "Edinburgh, Scotland"]
[Date "2015.07.17"]
[Round "7"]
[White "Farago, Ivan"]
[Black "Brown, Alan M"]
[Result "1-0"]
[WhiteElo "2417"]
[BlackElo "2082"]
[PlyCount "129"]
[EventDate "2015.??.??"]
[WhiteClock "0:25:54"]
[BlackClock "0:09:14"]

1. d4 d5 2. c4 e6 3. Nf3 Nf6 4. Nc3 Be7 5. Bf4 O-O 6. e3 c6 7. Qc2 Qa5 8. Nd2
Nbd7 9. Be2 Re8 10. O-O Nf8 11. Rab1 Ng6 12. Bg3 Bb4 13. Rfc1 e5 14. dxe5 Nxe5
15. cxd5 cxd5 16. Nb3 Qd8 17. Nb5 Bd7 18. Qc7 Bxb5 19. Bxb5 Re7 20. Qxd8+ Rxd8
21. a3 Bd6 22. Nd4 Rc7 23. Nf5 Rxc1+ 24. Rxc1 Bb8 25. f4 Ng6 26. Be1 a6 27. Ba5
Rf8 28. Bb4 Rd8 29. Ba5 Rf8 30. Bb4 Rd8 31. Ne7+ Kh8 32. Ba5 Rf8 33. Bb4 Rd8
34. Nxg6+ fxg6 35. Ba4 Ba7 36. Rc7 Bxe3+ 37. Kf1 b5 38. Bb3 Bxf4 39. Rf7 Bd6
40. Bc3 Rf8 41. Bxd5 Nxd5 42. Bxg7+ Kg8 43. Bxf8 Bxf8 44. Ra7 Ne3+ 45. Kg1 Nc4
46. Rxa6 Nxb2 47. Rxg6+ Kf7 48. Rg5 Bxa3 49. Rxb5 Nc4 50. Kf2 Nd6 51. Ra5 Bb4
52. Ra6 Kg6 53. Ra4 Bc5+ 54. Kf3 Nf7 55. Ra5 Bd6 56. h4 Be7 57. g3 Bf6 58. Ra6
Kg7 59. Rb6 Bd4 60. Ra6 Bf6 61. Kg4 Nh6+ 62. Kh5 Nf7 63. g4 Ne5 64. g5 Be7 65.
Re6 1-0

[Event "Scottish International Open"]
[Site "Edinburgh, Scotland"]
[Date "2015.07.17"]
[Round "7"]
[White "McKay, Roderick M"]
[Black "Berry, Neil"]
[Result "1/2-1/2"]
[WhiteElo "2338"]
[BlackElo "2306"]
[PlyCount "41"]
[EventDate "2015.??.??"]
[WhiteClock "0:32:57"]
[BlackClock "0:12:24"]

1. f4 d5 2. Nf3 Bg4 3. e3 Nd7 4. Be2 Ngf6 5. O-O e6 6. b3 Bd6 7. d4 c5 8. Bb2
cxd4 9. Bxd4 O-O 10. Nbd2 Rc8 11. c4 Bc5 12. Kh1 dxc4 13. Nxc4 Ne4 14. Rc1 Qe7
15. Nfe5 Bxe2 16. Qxe2 Nxe5 17. fxe5 Qh4 18. Kg1 Bxd4 19. exd4 b5 20. Qe3 bxc4
21. g3 1/2-1/2

[Event "Scottish International Open"]
[Site "Edinburgh, Scotland"]
[Date "2015.07.17"]
[Round "7"]
[White "Thorarinsson, Pall A"]
[Black "Tate, Alan"]
[Result "1-0"]
[WhiteElo "2208"]
[BlackElo "2335"]
[PlyCount "146"]
[EventDate "2015.??.??"]
[WhiteClock "0:08:36"]
[BlackClock "0:00:55"]

1. d4 Nf6 2. c4 g6 3. Nc3 d5 4. cxd5 Nxd5 5. e4 Nxc3 6. bxc3 Bg7 7. Qa4+ Nd7 8.
Nf3 c5 9. Be2 O-O 10. O-O cxd4 11. cxd4 Nc5 12. Qc2 Bg4 13. Bb2 Bxf3 14. Bxf3
Ne6 15. d5 Nd4 16. Bxd4 Bxd4 17. Rab1 Qd7 18. Rb4 Be5 19. Qb3 Rac8 20. Rxb7 Qd6
21. g3 Rc3 22. Qd1 Rfc8 23. Rxa7 Qf6 24. Bg4 Rb8 25. Qa4 h5 26. Bh3 Kh7 27. Ra6
Bd6 28. Rc6 Rb4 29. Qxb4 Bxb4 30. Rxf6 exf6 31. Rd1 Bd6 32. Rd2 h4 33. Bd7 hxg3
34. hxg3 Ra3 35. Kg2 Kg7 36. Rc2 Kf8 37. Bb5 f5 38. exf5 gxf5 39. Bc4 f4 40.
Bb3 fxg3 41. fxg3 Ke7 42. Rc4 Ra8 43. g4 Kf6 44. Kf3 Rh8 45. Re4 Rh3+ 46. Ke2
Kg5 47. Kd2 Rg3 48. Bd1 Ra3 49. Bb3 Bf4+ 50. Kc2 f6 51. Ra4 Rxa4 52. Bxa4 Kxg4
53. Kd3 Bd6 54. Kc4 Kf4 55. Kb5 Ke5 56. Kc6 f5 57. Bd1 Bb4 58. a4 Ba5 59. d6 f4
60. Bg4 Bb4 61. d7 Ba5 62. Kb5 Bd8 63. a5 Kd6 64. a6 Kc7 65. Bf3 Kb8 66. Kc4
Bb6 67. Kb5 Bd8 68. Kc6 Ka7 69. Be2 f3 70. Bd3 Kb8 71. Kd6 Bh4 72. Ke6 Kc7 73.
Kf7 Kb6 1-0

[Event "Scottish International Open"]
[Site "Edinburgh, Scotland"]
[Date "2015.07.17"]
[Round "7"]
[White "Aagaard, Jacob"]
[Black "Van den Ouden, Lendert"]
[Result "1-0"]
[WhiteElo "2506"]
[BlackElo "2077"]
[PlyCount "61"]
[EventDate "2015.??.??"]
[WhiteClock "0:13:58"]
[BlackClock "0:22:35"]

1. d4 c6 2. e4 d5 3. e5 Bf5 4. h4 h5 5. Bd3 Bxd3 6. Qxd3 e6 7. Bg5 Qb6 8. Nd2
c5 9. c4 Qa6 10. dxc5 Nc6 11. Ngf3 Bxc5 12. O-O Nh6 13. a3 Ng4 14. Qe2 Nd4 15.
Nxd4 Bxd4 16. Nf3 Bb6 17. Rac1 Rc8 18. Qd2 Rxc4 19. Rxc4 dxc4 20. Qb4 f6 21.
Bf4 Kf7 22. Nd2 Rd8 23. Ne4 Rd3 24. exf6 gxf6 25. Nc5 Bxc5 26. Qxc5 e5 27. Bc1
Qc6 28. Qxa7 e4 29. Qb8 Qd6 30. Qxb7+ Kg6 31. Qxe4+ 1-0